Statistics for 100 Biggest Cities Poland 2018

Click here to take the quiz!

General Stats

  • This quiz has been taken 60 times
  • The average score is 43 of 100

Answer Stats

PopulationCity% Correct
769 498Kraków
92%
687 702Łódź
81%
1 769 529Warszawa
78%
639 258Wrocław
78%
464 829Gdańsk
78%
537 643Poznań
70%
295 449Katowice
70%
403 274Szczecin
68%
339 811Lublin
68%
297 403Białystok
65%
246 204Gdynia
62%
173 125Olsztyn
62%
202 482Toruń
62%
213 910Radom
59%
190 849Rzeszów
57%
120 568Elbląg
57%
107 692Koszalin
57%
196 335Kielce
57%
351 254Bydgoszcz
57%
223 322Częstochowa
57%
128 224Opole
54%
46 481Kołobrzeg
54%
124 177Gorzów Wielkopolski
54%
180 708Gliwice
54%
171 277Bielsko-Biała
54%
140 113Zielona Góra
54%
203 094Sosnowiec
51%
138 215Ruda Śląska
49%
91 225Słupsk
49%
167 672Bytom
49%
68 069Stargard
49%
69 693Suwałki
49%
173 784Zabrze
49%
109 358Tarnów
49%
108 668Chorzów
49%
61 509Przemyśl
46%
47 226Tarnobrzeg
46%
100 081Legnica
46%
138 919Rybnik
46%
128 049Tychy
46%
113 100Wałbrzych
46%
57 498Biała Podlaska
43%
73 693Piła
43%
83 958Nowy Sącz
43%
120 777Dąbrowa Górnicza
43%
111 319Włocławek
43%
61 749Ełk
41%
64 023Leszno
41%
64 099Zamość
41%
61 518Pruszków
41%
79 686Jelenia Góra
41%
74 472Konin
41%
101 279Kalisz
41%
74 004Piotrków Trybunalski
38%
91 758Jaworzno
38%
63 029Chełm
38%
57 694Bełchatów
38%
120 403Płock
38%
95 354Grudziądz
38%
77 732Siedlce
38%
46 532Krosno
38%
60 153Tczew
38%
72 737Lubin
35%
68 729Gniezno
35%
63 089Łomża
35%
62 970Tomaszów Mazowiecki
35%
61 335Tarnowskie Góry
35%
54 172Legionowo
35%
52 461Ostrołęka
32%
57 067Będzin
32%
74 578Mysłowice
32%
89 353Jastrzębie Zdrój
32%
67 932Głogów
32%
50 185Świętochłowice
30%
49 864Wejherowo
30%
48 296Skierniewice
30%
73 318Inowrocław
30%
65 547Pabianice
30%
72 203Ostrów Wielkopolski
30%
67 330Siemianowice Śląskie
30%
60 589Mielec
30%
61 587Stalowa Wola
30%
46 245Radomsko
27%
47 983Puławy
27%
48 014Starogard Gdański
27%
56 528Zgierz
27%
69 443Ostrowiec Świętokrzyski
27%
48 832Rumia
27%
49 704Zawiercie
27%
61 537Kędzierzyn Koźle
27%
55 022Racibórz
27%
62 309Żory
24%
55 450Piekary Śląskie
24%
49 279Starachowice
24%
45 938Dębica
22%
44 865Otwock
22%
48 195Wodzisław Śląski
22%
47 929Piaseczno
19%
45 639Skarżysko-Kamienna
19%
57 416Świdnica
16%

Score Distribution

Percentile by Number Answered

Percent of People with Each Score

Your Score History

You have not taken this quiz